Science Quiz

Random Science or Chemistry Quiz

Nobel Chemistry Laureates by ANY 3 Letters Quiz Stats

Quiz not verified by Sporcle

Challenge
Share
Tweet
Embed
Score 0/175 Timer 07:00
0 Plays Today
Year Laureate % Correct
1958Frederick Sanger
97.1%
1988Johann Deisenhofer
96.4%
2008Martin Chalfie
96.1%
1927Heinrich Wieland
96.1%
1952Archer J.P. Martin
95.8%
1915Richard Willstatter
95.8%
1996Robert F. Curl Jr.
95.6%
1987Charles J. Pederson
95.6%
1980Frederick Sanger
95.6%
1947Sir Robert Robinson
95.6%
1953Hermann Staudinger
95.3%
1973Geoffrey Wilkinson
94.5%
1965Robert B. Woodward
94.5%
1931Friedrich Bergius
94.5%
2016Bernard L. Feringa
94.5%
1996Richard E. Smalley
94.3%
1984Robert B. Merrifield
94.3%
1978Peter D. Mitchell
94%
1971Gerhard Herzberg
93.8%
1966Robert S. Mulliken
93.8%
1925Richard Zsigmondy
93.8%
2004Aaron Ciechanover
93.5%
2003Roderick MacKinnon
93.5%
1997John E. Walker
93.5%
1986John C. Polanyi
93.2%
1985Herbert A. Hauptman
93.2%
1962John C. Kendrew
93.2%
1921Frederick Soddy
93.2%
2012Robert J. Lefkowitz
93%
1995F. Sherwood Rowland
93%
1988Hartmut Michel
93%
1975John Cornforth
93%
2010Robert F. Heck
92.7%
2005Robert H. Grubbs
92.7%
1914Theodore W. Richards
92.7%
1993Michael Smith
92.5%
2013Martin Karplus
92.2%
2005Richard R. Schrock
92.2%
1988Robert Huber
92.2%
1980Walter Gilbert
92.2%
1972Christian B. Alninsen
92.2%
1972William H. Stein
92.2%
1969Derek H. Barton
92.2%
1929Hans von Euler-Chelpin
92.2%
1991Richard R. Ernst
91.9%
1979Herbert C. Brown
91.7%
1967Manfred Eigen
91.4%
1952Richard L.M. Synge
91.4%
1946John H. Northrop
91.2%
1938Richard Kuhn
91.2%
1920Walther Nernst
91.2%
2011Dan Shechtman
90.9%
1981Roald Hoffmann
90.6%
2009Venkatraman Ramakrishnan
90.4%
1954Linus C. Pauling
90.1%
2014William E. Moerner
89.9%
2002John B. Fenn
89.9%
1935Frederic Joliot fre
89.9%
1930Hans Fischer
89.9%
Year Laureate % Correct
2013Michael Levitt
89.6%
1998John A. Pople
89.4%
1929Arthur Harden
89.4%
2007Gerhard Ertl
89.1%
1987Jean-Marie Lehn
89.1%
1902Emil Fischer
89.1%
1901Jacobus H. van 't Hoff
89.1%
1908Ernest Rutherford
88.6%
1980Paul Berg
88.3%
1973Ernst O. Fischer
88.3%
1957Alexander R. Todd
88.3%
2006Roger D. Kornberg
88.1%
1967George Porter
88.1%
1913Alfred Werner
88.1%
2016Sir J. Fraser Stoddart
88%
2015Paul Modrich
87.5%
1960Willard F. Libby
87.5%
1911Marie Curie
87.5%
2003Peter Agre
87.3%
1926Theodor Svedberg
87.3%
1995Mario J. Molina
87%
1937Norman Haworth
87%
2001William S. Knowles
86.8%
1976William N. Lipscomb
86.5%
1922Francis W. Aston
86%
1904Sir William Ramsay
85.5%
1936Peter Debye
85.2%
2009Thomas A. Steitz
84.9%
1989Sidney Altman
84.9%
2001K. Barry Sharpless
84.7%
1986Dudley R. Herschbach
84.7%
1998Walter Kohn
84.4%
1918Fritz Haber
84.2%
1909Wilhelm Ostwald
84.2%
1949William F. Giauque
83.6%
2015Thomas Lindahl
83.6%
1939Adolf Butenandt
83.4%
1937Paul Karrer
83.4%
1932Irving Langmuir
83.4%
2002Kurt Wuthrich
83.1%
1910Otto Wallach
82.6%
2000Alan J. Heeger
82.1%
1992Rudolph A. Marcus
82.1%
1946Wendell M. Stanley
81.8%
1907Eduard Buchner
80.8%
1967Ronald G.W. Norrish
80.5%
2004Avram Hershko
80%
1903Svante Arrhenius
80%
1946James B. Sumner
79.7%
2005Yves Chauvin
79.5%
2014Stefan W. Hell
79.2%
1989Thomas R. Cech
79%
1935Irene Joliot-Curie
78.7%
1981Kenichi Fukui
78.2%
1950Kurt Alder
78.2%
1968Lars Onsager
77.9%
1912Paul Sabatier
77.1%
2002Koichi Tanaka
76.6%
1951Edwin M. McMillan
76.6%
Year Laureate % Correct
1997Paul D. Boyer
76.4%
2010Ei-ichi Negishi
76.1%
1972Stanford Moore
75.8%
2013Arieh Warshel
75.1%
1995Paul J. Crutzen
74.5%
1963Karl Ziegler
73.8%
1945Artturi Virtanen
73%
2014Eric Betzig
71.9%
1974Paul J. Flory
71.9%
1912Victor Grignard
71.9%
2008Roger Y. Tsien
71.7%
1987Donald J. Cram
71.7%
1906Henri Moissan
70.9%
1979Georg Wittig
70.4%
1956Sir Cyril Hinshelwood
67.8%
2008Osamu Shimomura
67.5%
2016Jean-Pierre Sauvage
67.5%
2000Alan G. MacDiarmid
67%
2015Aziz Sancar
66.2%
1994George A. Olah
66%
1943George de Hevesy
65.5%
1939Leopold Ruzicka
65.5%
1931Carl Bosch
65.5%
1993Kary B. Mullis
64.7%
1934Harold C. Urey
64.4%
1996Sir Harold W. Kroto
63.1%
1905Adolf von Baeyer
63.1%
1985Jerome Karle
62.9%
1962Max F. Perutz
62.6%
2000Hideki Shirakawa
62.1%
1956Nikolay Semenov
61.8%
1982Aaron Klug
57.9%
1990Elias J. Corey
57.7%
2012Brian K. Kobilka
56.9%
1928Adolf Windaus
55.8%
1951Glenn T. Seaborg
54.5%
1948Arne Tiselius
54.3%
1923Fritz Pregl
52.7%
1983Henry Taube
51.2%
1950Otto Diels
49.1%
1955Vincent du Vigneaud
48.6%
1959Jaroslav Heyrovsky
46%
1964Dorothy Hodgkin
44.2%
2009Ada E. Yonath
43.4%
1961Melvin Calvin
43.1%
1977Ilya Prigogine
42.6%
2004Irwin Rose
40.8%
1969Odd Hassel
40.5%
1975Vladimir Prelog
40.3%
1944Otto Hahn
39.7%
1963Giulio Natta
37.4%
1986Yuan T. Lee
31.2%
2010Akira Suzuki
28.1%
1997Jens C. Skou
26.5%
1970Luis F. Leloir
21.6%
1999Ahmed H. Zewail
19.7%
2001Ryoji Noyori
19%

You're not logged in!

Compare scores with friends on all Sporcle quizzes.
Sign Up with Email
OR
Log In

You Might Also Like...

Show Comments

Extras

Top Quizzes Today


Score Distribution

Your Account Isn't Verified!

In order to create a playlist on Sporcle, you need to verify the email address you used during registration. Go to your Sporcle Settings to finish the process.

Report this User

Report this user for behavior that violates our Community Guidelines.

Details: